Normal view
MARC view
- Jahanzeb Shahid
Entry Personal Name
001 - CONTROL NUMBER
- control field: 7507
003 - CONTROL NUMBER IDENTIFIER
- control field: NUST
005 - DATE AND TIME OF LATEST TRANSACTION
- control field: 20171221162846.0
008 - FIXED-LENGTH DATA ELEMENTS
- fixed length control field: 171221|| aca||aabn | a|a d
040 ## - CATALOGING SOURCE
- Original cataloging agency: NUST
- Transcribing agency: NUST
100 ## - HEADING--PERSONAL NAME
- Personal name: Jahanzeb Shahid
670 ## - SOURCE DATA FOUND
- Source citation: Work cat.: (NUST): Jahanzeb Shahid, Denial of Service Attack Mitigation Technique for Wireless Networks using Machine Learning Methodology, 2017
